[Event "Geneve op 27th"]
[Site "Geneve"]
[Date "2013.01.25"]
[Round "2"]
[White "Haensler, Andreas"]
[Black "Kirchhofer, Michael"]
[Result "0-1"]
[WhiteElo "1498"]
[BlackElo "1631"]
[PlyCount "32"]
[EventDate "2013.01.18"]
[EventType "swiss"]
[EventRounds "7"]
[EventCountry "SUI"]
[SourceTitle "EXT 2014"]
[Source "ChessBase"]
[SourceDate "2013.11.20"]
[SourceVersion "1"]
[SourceVersionDate "2013.11.20"]
[SourceQuality "1"]

1. e4 e5 2. c3 Nf6 3. Qc2 Nc6 4. Be2 d5 5. exd5 Nxd5 6. d3 Bf5 7. Nf3 Be7 8. 0-0 Qd7 9. Nbd2 g5 10. Nc4 f6 11. Ne3 Nxe3 12. Bxe3 h5 13. Rad1 0-0-0 14. Qa4 Kb8 15. d4 Nxd4 16. cxd4 Qxa4 0-1